Normal view
MARC view
- SILVERMAN, G , SILVER, H
Entry Personal Name
001 - CONTROL NUMBER
- control field: 67719
003 - CONTROL NUMBER IDENTIFIER
- control field: NUST
005 - DATE AND TIME OF LATEST TRANSACTION
- control field: 20210628203903.0
008 - FIXED-LENGTH DATA ELEMENTS
- fixed length control field: 210628|| aca||aabn | a|a d
040 ## - CATALOGING SOURCE
- Original cataloging agency: NUST
- Transcribing agency: NUST
100 ## - HEADING--PERSONAL NAME
- Personal name: SILVERMAN, G , SILVER, H
670 ## - SOURCE DATA FOUND
- Source citation: Work cat.: (NUST): SILVERMAN, G , SILVER, H, MODERN INSTRUMANTATION A MODERN APPROACH, 1995
